000 00502nam a2200145 4500
005 20260226105905.0
008 260226b |||||||| |||| 00| 0 eng d
020 _a0865760152
100 _aKistler B. Henry, Baker J. Neil, Anderson David, McNabb Bryan Beth Mary, Cooke Marshall Mary, Schafer Nathan.
245 _aVertebrates: A Laboratory Text
_c/Henry B. Kistler
250 _a2nd Edition
260 _aCalifornia;
_bWilliam Kaufmann,inc;
_c1981
300 _av;259p; ill.
_c27.7cm.
942 _2lcc
_n0
_cBK
999 _c174
_d174